[Event "Copenhagen Chess Challenge 2009"]
[Site "Ballerup"]
[Date "2009.??.??"]
[Round "8"]
[White "Brynell, Stellan"]
[Black "Rasmussen, Allan Stig"]
[Result "1-0"]
[WhiteElo "2463"]
[BlackElo "2501"]
[PlyCount "101"]
[EventDate "2009.??.??"]
[EventType "swiss"]
[EventRounds "9"]
[EventCountry "DEN"]

1. d4 d5 2. c4 c6 3. Nf3 Nf6 4. Nc3 e6 5. Bg5 h6 6. Bh4 dxc4 7. e4 g5 8. Bg3 b5
9. Be2 Bb7 10. h4 g4 11. Ne5 Nbd7 12. Nxd7 Qxd7 13. Be5 Qe7 14. O-O Rg8 15. b3
b4 16. Na4 Nxe4 17. Qc2 c5 18. dxc5 Bc6 19. Qxc4 a5 20. Rad1 Qb7 21. Rd4 Be7
22. g3 Rd8 23. Rxd8+ Bxd8 24. Rd1 Bc7 25. Bd6 Qa7 26. Rd4 Nf6 27. Bxg4 e5 28.
Qe2 Bxd6 29. Rxd6 Rxg4 30. Qxe5+ Qe7 31. Qxe7+ Kxe7 32. Rxc6 Rd4 33. Ra6 Rd2
34. Rxa5 Rxa2 35. Rb5 Ne4 36. Rxb4 Nxf2 37. Rd4 Rc2 38. b4 f5 39. Nb6 Ne4 40.
g4 Nd2 41. Rd7+ Ke8 42. gxf5 Nf3+ 43. Kf1 Nd2+ 44. Ke1 Ne4 45. Rd4 Ng3 46. Rc4
Rxc4 47. Nxc4 Nxf5 48. Nd6+ Nxd6 49. cxd6 Kd7 50. Ke2 Kxd6 51. Kf3 1-0

[Event "Copenhagen Chess Challenge 2009"]
[Site "Ballerup"]
[Date "2009.??.??"]
[Round "8"]
[White "Grabarczyk, Miroslaw"]
[Black "Grandelius, Nils"]
[Result "1/2-1/2"]
[WhiteElo "2469"]
[BlackElo "2491"]
[PlyCount "41"]
[EventDate "2009.??.??"]
[EventType "swiss"]
[EventRounds "9"]
[EventCountry "DEN"]

1. d4 Nf6 2. c4 e6 3. Nf3 d5 4. cxd5 exd5 5. Nc3 c6 6. Qc2 g6 7. Bg5 Be7 8. e3
Bf5 9. Bd3 Bxd3 10. Qxd3 O-O 11. Bxf6 Bxf6 12. b4 Nd7 13. b5 Nb6 14. bxc6 bxc6
15. O-O c5 16. dxc5 Rc8 17. Rac1 Rxc5 18. Ne2 Rc4 19. Nd2 Rxc1 20. Rxc1 Qd7 21.
g3 1/2-1/2

[Event "Copenhagen Chess Challenge 2009"]
[Site "Ballerup"]
[Date "2009.??.??"]
[Round "8"]
[White "Semcesen, Daniel"]
[Black "Ivanov, Mikhail"]
[Result "1-0"]
[WhiteElo "2387"]
[BlackElo "2470"]
[PlyCount "127"]
[EventDate "2009.??.??"]
[EventType "swiss"]
[EventRounds "9"]
[EventCountry "DEN"]

1. d4 Nf6 2. c4 g6 3. Nc3 Bg7 4. e4 d6 5. Nf3 O-O 6. h3 a6 7. Bd3 Nbd7 8. O-O
e5 9. d5 Nh5 10. Be3 Nf4 11. Bc2 a5 12. a3 f5 13. exf5 gxf5 14. Bxf4 exf4 15.
Re1 Ne5 16. Bd3 Kh8 17. Be2 Rg8 18. Qd2 Ng6 19. Nb5 a4 20. Rac1 b6 21. Bf1 Bd7
22. Re2 Ne5 23. Qc3 Nxf3+ 24. Qxf3 Be5 25. Rce1 Bxb5 26. cxb5 Qf6 27. b3 axb3
28. Qxb3 Rg7 29. Qf3 Rag8 30. Kh1 Ra8 31. Rc2 Ra7 32. Kg1 Rg8 33. Rec1 Qg7 34.
Qd3 Bd4 35. Rc4 Bc5 36. Rxf4 Qg5 37. Qc3+ Rg7 38. Re1 Ra8 39. Rf3 h6 40. Qc2 f4
41. Re6 Rag8 42. Qe4 Rf7 43. Kh2 Rf5 44. Rxh6+ Qxh6 45. Qxf5 Rf8 46. Qe4 Qh7
47. Qe6 Qf7 48. Qh6+ Kg8 49. Bd3 Qg7 50. Qe6+ Qf7 51. Rxf4 Qxe6 52. Rxf8+ Kxf8
53. dxe6 Bxf2 54. Bc4 Ke7 55. Bd5 Kf6 56. g3 Be1 57. Kg2 Bd2 58. Kf3 Bh6 59.
Ke4 Bf8 60. h4 Kg6 61. a4 Be7 62. Bb3 Kf6 63. Kd5 Kf5 64. Kc6 1-0

[Event "Copenhagen Chess Challenge 2009"]
[Site "Ballerup"]
[Date "2009.??.??"]
[Round "8"]
[White "Tikkanen, Hans"]
[Black "Lund, Silas"]
[Result "1/2-1/2"]
[WhiteElo "2425"]
[BlackElo "2430"]
[PlyCount "64"]
[EventDate "2009.??.??"]
[EventType "swiss"]
[EventRounds "9"]
[EventCountry "DEN"]

1. d4 e6 2. c4 f5 3. g3 Nf6 4. Bg2 d5 5. Nf3 c6 6. Bf4 Be7 7. Ne5 O-O 8. Nd2
Qe8 9. Nd3 Nbd7 10. c5 b6 11. b4 Ba6 12. O-O Ne4 13. Nxe4 fxe4 14. Ne5 Nxe5 15.
Bxe5 Qh5 16. Re1 Rf7 17. f4 Bf6 18. e3 Qxd1 19. Rexd1 bxc5 20. bxc5 Bxe5 21.
fxe5 Rb7 22. Bh3 Kf7 23. Bf1 Bxf1 24. Rxf1+ Ke7 25. Rfb1 Rab8 26. Rb3 a5 27.
Ra3 Rb1+ 28. Rxb1 Rxb1+ 29. Kf2 Rb2+ 30. Kf1 Rb1+ 31. Kf2 Rb2+ 32. Kf1 Rb1+
1/2-1/2

[Event "Copenhagen Chess Challenge 2009"]
[Site "Ballerup"]
[Date "2009.??.??"]
[Round "8"]
[White "Bekker Jensen, David"]
[Black "Mikkelsen, Nikolaj"]
[Result "0-1"]
[WhiteElo "2330"]
[BlackElo "2394"]
[PlyCount "122"]
[EventDate "2009.??.??"]
[EventType "swiss"]
[EventRounds "9"]
[EventCountry "DEN"]

1. d4 Nf6 2. c4 g6 3. g3 Bg7 4. Bg2 d5 5. cxd5 Nxd5 6. e4 Nb6 7. Ne2 O-O 8. O-O
Nc6 9. d5 Na5 10. Nbc3 c6 11. Re1 cxd5 12. exd5 Nac4 13. b3 Nd6 14. Bf4 h6 15.
Qd2 Nf5 16. Rad1 Bd7 17. a4 Nc8 18. g4 Nfd6 19. h3 Kh7 20. Nd4 Qb6 21. Be5 Ne8
22. Bxg7 Nxg7 23. Re5 Rb8 24. Rde1 a6 25. Bf3 Qf6 26. g5 Qb6 27. Qf4 h5 28. Ne6
Bxe6 29. dxe6 Nd6 30. Nd5 Qxb3 31. R5e3 Qc4 32. Qxc4 Nxc4 33. Rc3 fxe6 34. Rxc4
Rxf3 35. Nxe7 Rf7 36. Nc8 b5 37. axb5 axb5 38. Rc6 b4 39. Nd6 Ra7 40. Rb1 b3
41. Kg2 Nf5 42. Nc4 Rb4 43. Kf1 Nd4 44. Rc5 Kg7 45. Ke1 Ra2 46. Nb2 Rb7 47. Kd2
Nb5 48. Kc1 Na3 49. Rc3 Ra7 50. Nd3 Nxb1 51. Kxb1 Ra1+ 52. Kb2 R7a2+ 53. Kxb3
Ra3+ 54. Kc4 Rxc3+ 55. Kxc3 Rh1 56. Kd2 Rxh3 57. Nf4 Rf3 58. Nxe6+ Kf7 59. Nd8+
Ke7 60. Nc6+ Kd6 61. Ke2 Rxf2+ 0-1

[Event "Copenhagen Chess Challenge 2009"]
[Site "Ballerup"]
[Date "2009.??.??"]
[Round "8"]
[White "Haubro, Martin"]
[Black "Knudsen, Jes West"]
[Result "0-1"]
[WhiteElo "1809"]
[BlackElo "2019"]
[PlyCount "42"]
[EventDate "2009.??.??"]
[EventType "swiss"]
[EventRounds "9"]
[EventCountry "DEN"]

1. e4 d5 2. exd5 Nf6 3. d4 Nxd5 4. c4 Nb6 5. Nc3 e5 6. dxe5 Qxd1+ 7. Kxd1 Nc6
8. Nb5 Bg4+ 9. Ke1 O-O-O 10. f3 Be6 11. Be3 Nxc4 12. Nxa7+ Nxa7 13. Bxa7 Bb4+
14. Kf2 Rd2+ 15. Kg3 Rxb2 16. Rc1 Na3 17. Ne2 Bd2 18. Rd1 b6 19. Nc3 Kb7 20.
Ne4 Rd8 21. Bxb6 Kxb6 0-1

[Event "Copenhagen Chess Challenge 2009"]
[Site "Ballerup"]
[Date "2009.??.??"]
[Round "8"]
[White "Jacobsen, Mads Holger Bang"]
[Black "Boulan, Laura"]
[Result "1/2-1/2"]
[WhiteElo "1830"]
[BlackElo "1955"]
[PlyCount "45"]
[EventDate "2009.??.??"]
[EventType "swiss"]
[EventRounds "9"]
[EventCountry "DEN"]

1. d4 d6 2. Nf3 Bg4 3. e4 Nd7 4. h3 Bh5 5. Nc3 e6 6. Bd3 Be7 7. g4 Bg6 8. Qe2
c6 9. Bf4 Qa5 10. O-O-O O-O-O 11. Kb1 Kb8 12. h4 f6 13. Nd2 Bf7 14. Be3 Rc8 15.
f4 d5 16. e5 Qd8 17. Nb3 Ka8 18. h5 fxe5 19. fxe5 Be8 20. Qf2 Nh6 21. Qg3 Nf7
22. Ne2 Ng5 23. c3 1/2-1/2

[Event "Copenhagen Chess Challenge 2009"]
[Site "Ballerup"]
[Date "2009.??.??"]
[Round "8"]
[White "Matthiesen, Arne"]
[Black "Kovachev, Daniel Jacobsen"]
[Result "0-1"]
[WhiteElo "2349"]
[BlackElo "2256"]
[PlyCount "96"]
[EventDate "2009.??.??"]
[EventType "swiss"]
[EventRounds "9"]
[EventCountry "DEN"]

1. d4 d5 2. c4 e6 3. Nf3 Nf6 4. g3 Bb4+ 5. Bd2 Be7 6. Bg2 c6 7. Qc2 O-O 8. O-O
b6 9. Bf4 Nh5 10. Bc1 Nf6 11. Rd1 Bb7 12. Nc3 Nbd7 13. b3 Ba6 14. e4 dxc4 15.
e5 Nd5 16. bxc4 Bxc4 17. Ne4 b5 18. Neg5 g6 19. h4 Qa5 20. Bd2 Qa3 21. Be1 Nb4
22. Bxb4 Qxb4 23. Qe4 Bd5 24. Qf4 f6 25. exf6 Rxf6 26. Qe3 Raf8 27. Ne4 Rf5 28.
Nfg5 h6 29. Nh3 Kg7 30. Nf4 e5 31. dxe5 Rxe5 32. Qxa7 Bxe4 33. Qxd7 Bf5 34.
Qxc6 Rc8 35. Qb7 Rc2 36. Rf1 Qc5 37. Qf3 h5 38. Nd3 Bxd3 39. Qxd3 Ree2 40. Qf3
Bf6 41. Rab1 Bd4 42. Qb7+ Kh6 43. Rxb5 Rxf2 44. Rxf2 Bxf2+ 45. Kh2 Bxg3+ 46.
Kxg3 Qf2+ 47. Kh3 Rc3+ 48. Kh2 Qg3+ 0-1

[Event "Copenhagen Chess Challenge 2009"]
[Site "Ballerup"]
[Date "2009.??.??"]
[Round "8"]
[White "Jacobsen, Bo"]
[Black "Bekker Jensen, Simon"]
[Result "0-1"]
[WhiteElo "2325"]
[BlackElo "2411"]
[PlyCount "70"]
[EventDate "2009.??.??"]
[EventType "swiss"]
[EventRounds "9"]
[EventCountry "DEN"]

1. g3 g6 2. Bg2 Bg7 3. e4 c5 4. Nc3 Nc6 5. d3 d6 6. Nh3 e6 7. Be3 Nd4 8. O-O
Rb8 9. Qd2 b5 10. a3 Bd7 11. Kh1 a5 12. Rae1 b4 13. axb4 cxb4 14. Nd1 a4 15. f4
a3 16. bxa3 bxa3 17. c3 Nb3 18. Qa2 Qa5 19. f5 Nf6 20. Ndf2 O-O 21. Rb1 exf5
22. exf5 Nd5 23. Bxd5 Qxd5+ 24. Kg1 Bxc3 25. Nf4 Qa5 26. fxg6 hxg6 27. Ne4 Bg7
28. Nxd6 Qa4 29. Nc4 Rfe8 30. Nb6 Qa7 31. Bf2 Nd4 32. Nxd7 Qxd7 33. Rxb8 Rxb8
34. Qxa3 g5 35. Nh5 Qh3 0-1

[Event "Copenhagen Chess Challenge 2009"]
[Site "Ballerup"]
[Date "2009.??.??"]
[Round "8"]
[White "Hoi, Carsten"]
[Black "Sahl, Bjarke"]
[Result "1/2-1/2"]
[WhiteElo "2387"]
[BlackElo "2366"]
[PlyCount "20"]
[EventDate "2009.??.??"]
[EventType "swiss"]
[EventRounds "9"]
[EventCountry "DEN"]

1. d4 d5 2. c4 c6 3. Nf3 Nf6 4. Nc3 dxc4 5. a4 Bf5 6. e3 e6 7. Bxc4 Bb4 8. O-O
O-O 9. Qe2 Ne4 10. Nxe4 Bxe4 1/2-1/2

[Event "Copenhagen Chess Challenge 2009"]
[Site "Ballerup"]
[Date "2009.??.??"]
[Round "8"]
[White "Andreasen, Per Naesby"]
[Black "Lovik, Lasse Ostebo"]
[Result "0-1"]
[WhiteElo "2265"]
[BlackElo "2289"]
[PlyCount "194"]
[EventDate "2009.??.??"]
[EventType "swiss"]
[EventRounds "9"]
[EventCountry "DEN"]

1. Nf3 d5 2. d4 e6 3. c4 c6 4. Qc2 Nf6 5. Nbd2 Nbd7 6. g3 b6 7. Bg2 Bb7 8. O-O
Bd6 9. e4 dxe4 10. Nxe4 Nxe4 11. Qxe4 Qe7 12. Ne5 Nxe5 13. dxe5 Bc5 14. Rd1 O-O
15. h4 h6 16. Bf4 Rad8 17. Bf1 f5 18. exf6 Qxf6 19. Be3 Bxe3 20. Qxe3 c5 21.
Rxd8 Rxd8 22. Re1 Qxb2 23. Qxe6+ Kh8 24. Qg6 Rf8 25. Re2 Qd4 26. Re3 Qd2 27.
Re2 Qd7 28. Re3 Qc6 29. Qxc6 Bxc6 30. Re7 a6 31. Rc7 Bf3 32. Re7 Rd8 33. Re3
Bh5 34. Re5 Bf7 35. Re7 Kg8 36. Rb7 Rd6 37. Rb8+ Kh7 38. Kg2 Kg6 39. Kf3 Kf6
40. Ke3 Re6+ 41. Kd2 Bg6 42. Be2 Be8 43. Bf3 Rd6+ 44. Ke3 Bd7 45. Be2 g6 46.
Rf8+ Ke7 47. Rb8 Bf5 48. Rb7+ Kd8 49. g4 Bd7 50. Ra7 b5 51. Ra8+ Ke7 52. Rh8
bxc4 53. Rxh6 c3 54. Bd3 Bxg4 55. f3 Bxf3 56. Rxg6 Rd8 57. Rxa6 c4 58. Bg6 Bd1
59. Rc6 Rd2 60. Rxc4 Re2+ 61. Kd4 c2 62. h5 Kd6 63. Rc3 Rh2 64. Be4 Rh4 65.
Rc6+ Kd7 66. Rc3 Bf3 67. Rxc2 Rxe4+ 68. Kc3 Bxh5 69. Rh2 Bf7 70. Kb2 Kc6 71.
Rf2 Bc4 72. Rh2 Kc5 73. Rf2 Re8 74. Rf5+ Bd5 75. Rf2 Ra8 76. Kb1 Bc4 77. Rd2
Kb4 78. Rb2+ Kc3 79. Rc2+ Kd4 80. Rh2 Rb8+ 81. Ka1 Bd3 82. Rh1 Kc3 83. Rg1 Rh8
84. Rc1+ Bc2 85. Rg1 Rh2 86. Rg3+ Bd3 87. Rg1 Bc4 88. Rc1+ Kb4 89. Rg1 Rxa2+
90. Kb1 Rd2 91. Ka1 Kb3 92. Rb1+ Ka3 93. Rb2 Rd8 94. Rb8 Rd1+ 95. Rb1 Rd4 96.
Rb2 Bb3 97. Rb1 Bc2 0-1

[Event "Copenhagen Chess Challenge 2009"]
[Site "Ballerup"]
[Date "2009.??.??"]
[Round "8"]
[White "Rhee, Alexander"]
[Black "Feuerstack, Aljoscha"]
[Result "0-1"]
[WhiteElo "2115"]
[BlackElo "2345"]
[PlyCount "78"]
[EventDate "2009.??.??"]
[EventType "swiss"]
[EventRounds "9"]
[EventCountry "DEN"]

1. Nf3 d5 2. d4 c6 3. c4 e6 4. Nc3 f5 5. g3 Bd6 6. Bg2 Nf6 7. O-O O-O 8. b3 b6
9. Qc2 Ne4 10. a4 Qe7 11. Ne5 Bb7 12. Nd3 a5 13. Bf4 Nd7 14. f3 Nxc3 15. Qxc3
c5 16. cxd5 cxd4 17. Bxd6 Qxd6 18. Qxd4 Qxd5 19. Qxd5 Bxd5 20. f4 Rac8 21. Bxd5
exd5 22. Rac1 d4 23. Kf2 Nf6 24. Rxc8 Ne4+ 25. Kf3 Rxc8 26. Rc1 Rxc1 27. Nxc1
Nc5 28. Kf2 Kf7 29. e3 d3 30. Ke1 Ke6 31. Kd2 Kd5 32. Nxd3 Nxb3+ 33. Kc3 Nc5
34. Nxc5 bxc5 35. g4 fxg4 36. Kd3 c4+ 37. Kc3 h5 38. e4+ Kxe4 39. Kxc4 h4 0-1

[Event "Copenhagen Chess Challenge 2009"]
[Site "Ballerup"]
[Date "2009.??.??"]
[Round "8"]
[White "Vovk, Oksana"]
[Black "Bejtovic, Jasmin"]
[Result "1/2-1/2"]
[WhiteElo "2142"]
[BlackElo "2306"]
[PlyCount "57"]
[EventDate "2009.??.??"]
[EventType "swiss"]
[EventRounds "9"]
[EventCountry "DEN"]

1. d4 Nf6 2. c4 g6 3. Nc3 Bg7 4. g3 O-O 5. Bg2 d6 6. e4 c5 7. d5 e6 8. Nge2
exd5 9. exd5 Nbd7 10. O-O Ne5 11. b3 a6 12. h3 b5 13. cxb5 axb5 14. Nxb5 Ba6
15. Nec3 Ne8 16. Be3 Qa5 17. a4 Nc7 18. Bd2 Qb6 19. Nxc7 Qxc7 20. Re1 Nd3 21.
Re4 Bd4 22. Rxd4 cxd4 23. Ne4 f6 24. Bh6 Rf7 25. Bf1 f5 26. Ng5 Qc3 27. Bxd3
Qxd3 28. Nxf7 Kxf7 29. Qxd3 1/2-1/2

[Event "Copenhagen Chess Challenge 2009"]
[Site "Ballerup"]
[Date "2009.??.??"]
[Round "8"]
[White "Kristensen, Kaare Hove"]
[Black "Schmidt, Tommy B"]
[Result "1-0"]
[WhiteElo "2244"]
[BlackElo "2167"]
[PlyCount "55"]
[EventDate "2009.??.??"]
[EventType "swiss"]
[EventRounds "9"]
[EventCountry "DEN"]

1. e4 c6 2. d4 d5 3. exd5 cxd5 4. c4 e6 5. Nf3 Nf6 6. Nc3 Be7 7. c5 O-O 8. Rb1
Nc6 9. Bb5 Ne4 10. O-O Bf6 11. Bxc6 bxc6 12. Qc2 Nxc3 13. Qxc3 a5 14. a4 Ba6
15. Re1 Qe8 16. Bf4 Bd8 17. Bd6 Be7 18. Ne5 Bb7 19. b4 f6 20. bxa5 Bxd6 21.
cxd6 fxe5 22. Rxb7 exd4 23. Qxd4 Qg6 24. Rxe6 Rae8 25. Rxe8 Rxe8 26. g3 Rd8 27.
a6 Rxd6 28. Rb8+ 1-0

[Event "Copenhagen Chess Challenge 2009"]
[Site "Ballerup"]
[Date "2009.??.??"]
[Round "8"]
[White "Veng, Johny"]
[Black "Brondum, Eric"]
[Result "1-0"]
[WhiteElo "2240"]
[BlackElo "2138"]
[PlyCount "59"]
[EventDate "2009.??.??"]
[EventType "swiss"]
[EventRounds "9"]
[EventCountry "DEN"]

1. e4 c5 2. c3 d5 3. exd5 Qxd5 4. d4 Nf6 5. Nf3 Bg4 6. Be2 e6 7. O-O Nc6 8. h3
Bh5 9. Be3 cxd4 10. cxd4 Be7 11. Nc3 Qa5 12. Qb3 Qb4 13. g4 Bg6 14. Ne5 O-O 15.
g5 Qxb3 16. axb3 Nd5 17. Nxd5 exd5 18. Nxc6 bxc6 19. Rfc1 Rfb8 20. Rxc6 Rxb3
21. Rc7 Bf8 22. Raxa7 Rxa7 23. Rxa7 Rxb2 24. Bf3 Be4 25. Bxe4 dxe4 26. Ra8 Rb1+
27. Kg2 Rb5 28. Bc1 Rb3 29. Bf4 Rb6 30. d5 1-0

[Event "Copenhagen Chess Challenge 2009"]
[Site "Ballerup"]
[Date "2009.??.??"]
[Round "8"]
[White "Madsen, Poul Henrik"]
[Black "De Verdier, Michael"]
[Result "0-1"]
[WhiteElo "2074"]
[BlackElo "2289"]
[PlyCount "100"]
[EventDate "2009.??.??"]
[EventType "swiss"]
[EventRounds "9"]
[EventCountry "DEN"]

1. d4 Nf6 2. Nf3 d5 3. Bf4 g6 4. e3 Bg7 5. c4 O-O 6. Nc3 c5 7. Be2 Nc6 8. dxc5
Qa5 9. O-O dxc4 10. Bxc4 Qxc5 11. Qe2 Bg4 12. Rac1 Nh5 13. Ne4 Qf5 14. h3 Qxe4
15. hxg4 Nxf4 16. exf4 Qxf4 17. Bd5 Qxg4 18. Bxc6 bxc6 19. Rxc6 Bf6 20. Rfc1 a5
21. b3 Rfd8 22. Qb5 Qb4 23. Qe2 a4 24. Qe3 axb3 25. axb3 Rab8 26. Qh6 Qxb3 27.
Ng5 Bxg5 28. Qxg5 Rd1+ 29. Rxd1 Qxd1+ 30. Kh2 Qd7 31. Qc5 Qg4 32. Qc2 Rd8 33.
f3 Qh4+ 34. Kg1 Qd4+ 35. Kh2 Rd5 36. Rc8+ Kg7 37. Rc4 Qd2 38. Qc3+ Qxc3 39.
Rxc3 h5 40. f4 Kf6 41. Kg3 Kf5 42. Kf3 Ra5 43. g3 e5 44. fxe5 Rxe5 45. Kg2 Re4
46. Kh3 Kg5 47. Kg2 h4 48. Kf3 Ra4 49. Rc5+ f5 50. gxh4+ Rxh4 0-1

[Event "Copenhagen Chess Challenge 2009"]
[Site "Ballerup"]
[Date "2009.??.??"]
[Round "8"]
[White "Getz, Nicolai"]
[Black "Lauritsen, Martin Lee"]
[Result "1/2-1/2"]
[WhiteElo "2205"]
[BlackElo "2063"]
[PlyCount "129"]
[EventDate "2009.??.??"]
[EventType "swiss"]
[EventRounds "9"]
[EventCountry "DEN"]

1. d4 d5 2. c4 c6 3. Nf3 Nf6 4. e3 e6 5. b3 Nbd7 6. Bd3 Bd6 7. Bb2 Qc7 8. Nc3
O-O 9. O-O a6 10. Rc1 Qb8 11. Rc2 b5 12. e4 b4 13. e5 bxc3 14. Bxc3 Be7 15.
exf6 Bxf6 16. Ne5 Nxe5 17. dxe5 Be7 18. cxd5 cxd5 19. Bd4 g6 20. Qe2 Bb7 21. f4
Rc8 22. Rfc1 Rxc2 23. Rxc2 Qd8 24. Kf2 Rc8 25. Rxc8 Qxc8 26. Qc2 Kf8 27. Ke3
Qxc2 28. Bxc2 Ke8 29. g4 Kd7 30. f5 Kc6 31. Kf4 Kd7 32. Bd3 Ke8 33. fxe6 fxe6
34. g5 Kf7 35. Bb6 Ba3 36. h4 Bb4 37. Bc7 Ke7 38. h5 Kf7 39. Bd6 Be1 40. b4 Bc3
41. hxg6+ hxg6 42. a4 Bd2+ 43. Kg4 Be1 44. Bc5 Bc3 45. Bd6 Be1 46. b5 axb5 47.
Bxb5 Ba5 48. Bc5 Bc3 49. Kf4 Bd2+ 50. Be3 Ba5 51. Bd4 Bd2+ 52. Kg4 Ba5 53. Ba7
Bc3 54. Bb8 Ba5 55. Bd6 Ba8 56. Bc5 Bc3 57. Kf4 Bd2+ 58. Be3 Ba5 59. Kg3 Bc3
60. Bf4 d4 61. Bd3 Bd5 62. Kf2 Bb3 63. Bb5 d3 64. Bxd3 Bxa4 65. Kf3 1/2-1/2

[Event "Copenhagen Chess Challenge 2009"]
[Site "Ballerup"]
[Date "2009.??.??"]
[Round "8"]
[White "Hove, Esben Kjems"]
[Black "Peschardt, Soren"]
[Result "1-0"]
[WhiteElo "2294"]
[BlackElo "2104"]
[PlyCount "123"]
[EventDate "2009.??.??"]
[EventType "swiss"]
[EventRounds "9"]
[EventCountry "DEN"]

1. d4 f5 2. g3 Nf6 3. Bg2 e6 4. Nf3 d5 5. O-O Bd6 6. b3 Qe7 7. c4 c6 8. a4 O-O
9. Ba3 Bxa3 10. Nxa3 Bd7 11. Qd3 Na6 12. Nc2 Rac8 13. c5 Nc7 14. Ne5 Be8 15. f4
Nd7 16. Nxd7 Qxd7 17. b4 Bh5 18. Na3 a6 19. Rab1 Ra8 20. Rb3 Rfb8 21. Rfb1 b5
22. cxb6 Rxb6 23. a5 Rb7 24. e3 Rab8 25. Nc2 Nb5 26. Qd2 Nd6 27. Ne1 Qe7 28.
Bf1 Nc4 29. Qc3 Bf7 30. Bxc4 dxc4 31. R3b2 e5 32. fxe5 Bd5 33. Nc2 h5 34. Rf1
h4 35. Rxf5 Rf8 36. Rxf8+ Qxf8 37. e4 Rf7 38. Ne3 Bxe4 39. Qxc4 Kh8 40. Qc5
hxg3 41. Qxf8+ Rxf8 42. hxg3 Rf3 43. Nf1 Rd3 44. Rd2 Rb3 45. e6 Bg6 46. d5 cxd5
47. Rxd5 Rxb4 48. Rd8+ Kh7 49. Nd2 Ra4 50. e7 Ra3 51. Kf2 Ra2 52. g4 Kh6 53.
Kg3 Ra3+ 54. Nf3 Kh7 55. Rf8 Re3 56. Kh4 Rxe7 57. Ng5+ Kh6 58. Rh8+ Bh7 59.
Rxh7+ Kg6 60. Rh5 Re1 61. Nh3 Re3 62. Rc5 1-0

[Event "Copenhagen Chess Challenge 2009"]
[Site "Ballerup"]
[Date "2009.??.??"]
[Round "8"]
[White "Akdag, Dara Sevkan"]
[Black "Pallesen, Jacob"]
[Result "1-0"]
[WhiteElo "2199"]
[BlackElo "2030"]
[PlyCount "45"]
[EventDate "2009.??.??"]
[EventType "swiss"]
[EventRounds "9"]
[EventCountry "DEN"]

1. d4 f5 2. c4 Nf6 3. Nc3 d6 4. Bg5 Nbd7 5. h4 h6 6. Bxf6 Nxf6 7. e4 fxe4 8.
Nxe4 Bf5 9. Ng3 Bh7 10. Bd3 Qd7 11. Nf3 Bxd3 12. Qxd3 O-O-O 13. O-O Qg4 14.
Rfe1 e6 15. Re3 Rg8 16. Rae1 Re8 17. h5 e5 18. dxe5 dxe5 19. Nxe5 Qe6 20. Nf7
Qxf7 21. Qf5+ Qd7 22. Rxe8+ Nxe8 23. Rxe8# 1-0

[Event "Copenhagen Chess Challenge 2009"]
[Site "Ballerup"]
[Date "2009.??.??"]
[Round "8"]
[White "Andersen, Daniel"]
[Black "Capion, Jon Gotz"]
[Result "1-0"]
[WhiteElo "1940"]
[BlackElo "1662"]
[PlyCount "111"]
[EventDate "2009.??.??"]
[EventType "swiss"]
[EventRounds "9"]
[EventCountry "DEN"]

1. c4 e5 2. Nc3 f5 3. d4 exd4 4. Qxd4 Qf6 5. Qe3+ Qe6 6. Nd5 Na6 7. Nf3 Qxe3 8.
Bxe3 c6 9. Nc3 Nf6 10. h3 Bc5 11. Bxc5 Nxc5 12. e3 O-O 13. Be2 b6 14. O-O Bb7
15. Rfd1 Rad8 16. Nd4 Nfe4 17. Nxe4 Nxe4 18. Nb3 c5 19. a4 a5 20. Nd2 Nf6 21.
Bf3 Bxf3 22. Nxf3 Rfe8 23. Rd6 Rb8 24. b3 Rb7 25. Rad1 Kf8 26. Ng5 Re5 27. Nf3
Re7 28. Nd2 Ne4 29. Nxe4 fxe4 30. R1d5 Ke8 31. Kh2 Re6 32. Kg3 Ke7 33. Rxe6+
dxe6 34. Rd2 e5 35. f4 Ke6 36. Rd5 exf4+ 37. exf4 Kf6 38. Kf2 Ke6 39. Ke3 g6
40. Kxe4 Rf7 41. g4 Rb7 42. f5+ gxf5+ 43. gxf5+ Kf6 44. Kf4 Kf7 45. Rd6 Ke7 46.
Ke5 Kf7 47. f6 Kg6 48. Ke6 h5 49. Rd7 Rxd7 50. Kxd7 Kxf6 51. Kc6 Kg5 52. Kxb6
Kh4 53. Kxc5 Kxh3 54. b4 axb4 55. Kxb4 Kg3 56. a5 1-0

[Event "Copenhagen Chess Challenge 2009"]
[Site "Ballerup"]
[Date "2009.??.??"]
[Round "8"]
[White "Jorgensen, Kasper Moller"]
[Black "Nielsen, Poul Bang"]
[Result "1-0"]
[WhiteElo "1999"]
[BlackElo "1792"]
[PlyCount "103"]
[EventDate "2009.??.??"]
[EventType "swiss"]
[EventRounds "9"]
[EventCountry "DEN"]

1. e4 c5 2. Nf3 a6 3. c3 d5 4. exd5 Qxd5 5. d4 cxd4 6. cxd4 e6 7. Nc3 Bb4 8.
Bd3 Nc6 9. O-O Bxc3 10. bxc3 Nf6 11. Ba3 b5 12. Qb1 Qd8 13. Nd2 Rb8 14. Bc5 Bd7
15. Qc2 Ne7 16. Ne4 Nxe4 17. Bxe4 f5 18. Bf3 O-O 19. Qd2 f4 20. Bd6 Rc8 21.
Bxf4 Nd5 22. Bd6 Rxf3 23. gxf3 Rxc3 24. Bg3 Rxf3 25. Rac1 Qf8 26. Rfe1 h6 27.
Qa5 Qf5 28. Qd8+ Kh7 29. Qxd7 Nf4 30. Rc7 Qg4 31. Qxg7+ Qxg7 32. Rxg7+ Kxg7 33.
Bxf4 Rxf4 34. Rxe6 Rxd4 35. Rxa6 Rb4 36. Kg2 Rb2 37. Kg3 Rb4 38. h4 h5 39. Rb6
Rb1 40. Kf4 Rb2 41. f3 Rxa2 42. Kg5 Rf2 43. Rb7+ Kf8 44. f4 Rb2 45. Kxh5 b4 46.
Kg5 b3 47. Kf6 Kg8 48. f5 Rh2 49. Rb8+ Kh7 50. Rxb3 Rxh4 51. Kf7 Rc4 52. Rh3+
1-0

[Event "Copenhagen Chess Challenge 2009"]
[Site "Ballerup"]
[Date "2009.??.??"]
[Round "8"]
[White "Nielsen, Thomas (1975)"]
[Black "Petrovski, Petruli"]
[Result "0-1"]
[WhiteElo "1970"]
[BlackElo "1772"]
[PlyCount "56"]
[EventDate "2009.??.??"]
[EventType "swiss"]
[EventRounds "9"]
[EventCountry "DEN"]

1. c4 Nf6 2. Nc3 e6 3. e4 d5 4. e5 d4 5. exf6 dxc3 6. bxc3 Qxf6 7. d4 b6 8. Nf3
h6 9. Bd3 Bd6 10. O-O Bb7 11. Be3 O-O 12. Re1 Nd7 13. Bc2 Rfd8 14. Qe2 Rac8 15.
a4 a5 16. Rab1 Ba8 17. Nd2 Qh4 18. g3 Qh3 19. Be4 Nf6 20. Bxa8 Rxa8 21. Rb5 Re8
22. f3 e5 23. Qf2 exd4 24. cxd4 Rad8 25. g4 g5 26. Rf1 Rxe3 27. Ne4 Nxe4 28.
fxe4 Bxh2+ 0-1

[Event "Copenhagen Chess Challenge 2009"]
[Site "Ballerup"]
[Date "2009.??.??"]
[Round "8"]
[White "Andersen, Kim Nyvang"]
[Black "Tandrup, Michael"]
[Result "1/2-1/2"]
[WhiteElo "1914"]
[BlackElo "1917"]
[PlyCount "56"]
[EventDate "2009.??.??"]
[EventType "swiss"]
[EventRounds "9"]
[EventCountry "DEN"]

1. d4 d5 2. c4 e6 3. Nc3 Nf6 4. cxd5 exd5 5. Bg5 Be7 6. Qc2 c6 7. e3 Nbd7 8.
Bd3 Nf8 9. Bh4 g6 10. Nge2 Ne6 11. f3 Ng7 12. Bf2 Bf5 13. e4 dxe4 14. fxe4 Bg4
15. O-O O-O 16. Rad1 Bxe2 17. Qxe2 Ne6 18. Bc4 Nc7 19. a3 b5 20. Ba2 b4 21.
axb4 Bxb4 22. Bh4 Be7 23. Qf3 Kg7 24. Bxf7 Rxf7 25. e5 Rf8 26. exf6+ Bxf6 27.
Bxf6+ Rxf6 28. Qe4 Qd6 1/2-1/2

[Event "Copenhagen Chess Challenge 2009"]
[Site "Ballerup"]
[Date "2009.??.??"]
[Round "8"]
[White "Brauener, Jonathan"]
[Black "Schmidt, Horst Hubert"]
[Result "1-0"]
[WhiteElo "1916"]
[BlackElo "1837"]
[PlyCount "103"]
[EventDate "2009.??.??"]
[EventType "swiss"]
[EventRounds "9"]
[EventCountry "DEN"]

1. c4 Nf6 2. g3 g6 3. Bg2 Bg7 4. Nc3 O-O 5. d3 d6 6. Bg5 h6 7. Bxf6 exf6 8. e3
Nc6 9. Nge2 Be6 10. O-O Qd7 11. Nd5 Ne5 12. Nef4 c6 13. Nxe6 fxe6 14. Nc3 Rab8
15. f4 Nf7 16. b4 f5 17. Qc2 d5 18. cxd5 cxd5 19. d4 Rbc8 20. Qb3 Nd6 21. Rfc1
Nc4 22. Kf2 a6 23. a4 b6 24. Rc2 Bf6 25. Rac1 Qg7 26. Nxd5 b5 27. Nxf6+ Qxf6
28. Bb7 Rcd8 29. Bxa6 Rxd4 30. Bxb5 Rxf4+ 31. Kg2 Nxe3+ 32. Qxe3 Re4 33. Qf3 g5
34. Rc8 Rd8 35. Rxd8+ Qxd8 36. Qc3 Rd4 37. Qc8 Rd2+ 38. Kg1 Rd1+ 39. Bf1 Kf8
40. a5 Ke7 41. Rc7+ Kf6 42. Qxd8+ Rxd8 43. a6 f4 44. gxf4 gxf4 45. a7 f3 46.
Rb7 Ra8 47. Kf2 Ke5 48. Kxf3 Kd6 49. Ke3 e5 50. Bg2 e4 51. Bxe4 Rxa7 52. Rxa7
1-0

[Event "Copenhagen Chess Challenge 2009"]
[Site "Ballerup"]
[Date "2009.??.??"]
[Round "8"]
[White "Lauridsen, Jesper Morch"]
[Black "Carstensen, Jacob"]
[Result "1-0"]
[WhiteElo "2287"]
[BlackElo "2331"]
[PlyCount "35"]
[EventDate "2009.??.??"]
[EventType "swiss"]
[EventRounds "9"]
[EventCountry "DEN"]

1. e4 c5 2. Nf3 d6 3. d4 cxd4 4. Nxd4 Nf6 5. Nc3 a6 6. Bc4 e6 7. O-O Be7 8. Bb3
O-O 9. f4 b5 10. e5 dxe5 11. fxe5 Nfd7 12. Qh5 Qb6 13. Be3 Bc5 14. Rad1 Nc6 15.
Ne4 Bxd4 16. Rxd4 Ndxe5 17. Nf6+ gxf6 18. Rg4+ 1-0